<?xml version="1.0" encoding="UTF-8"?>
<collection xmlns="http://www.loc.gov/MARC21/slim">
 <record>
  <leader>00946ntm a22002295a 4500</leader>
  <controlfield tag="001">EIQ.libpla002585</controlfield>
  <controlfield tag="008">070703s2002####at#a#####bm###000#0#spa#d</controlfield>
  <controlfield tag="005">20070703183722.0</controlfield>
  <datafield tag="245" ind1="1" ind2="0">
   <subfield code="a">Condiciones de polimerización y características de procesamiento de PVC /</subfield>
   <subfield code="c">Alberto Floreal Cebollada.</subfield>
  </datafield>
  <datafield tag="260" ind1=" " ind2=" ">
   <subfield code="c">2002.</subfield>
  </datafield>
  <datafield tag="300" ind1=" " ind2=" ">
   <subfield code="a">1 v. (en varias paginaciones) :</subfield>
   <subfield code="b">il., tablas, figuras ;</subfield>
   <subfield code="c">21 cm.</subfield>
  </datafield>
  <datafield tag="502" ind1=" " ind2=" ">
   <subfield code="a">Tesis (M.A.)--Universidad Nacional del Sur. Departamento de Ingeniería Química, 2002.</subfield>
  </datafield>
  <datafield tag="500" ind1=" " ind2=" ">
   <subfield code="a">Director de tesis: Ing. Numa Capiati.</subfield>
  </datafield>
  <datafield tag="504" ind1=" " ind2=" ">
   <subfield code="a">Incluye referencias bibliográficas.</subfield>
  </datafield>
  <datafield tag="100" ind1="1" ind2=" ">
   <subfield code="a">Cebollada, Alberto Floreal.</subfield>
   <subfield code="4">dis</subfield>
  </datafield>
  <datafield tag="710" ind1="2" ind2=" ">
   <subfield code="a">Universidad Nacional del Sur.</subfield>
   <subfield code="b">Departamento de Ingeniería Química</subfield>
   <subfield code="4">dgg.</subfield>
  </datafield>
  <datafield tag="650" ind1=" " ind2="4">
   <subfield code="a">Polímeros</subfield>
   <subfield code="x">Tesis.</subfield>
  </datafield>
  <datafield tag="650" ind1=" " ind2="4">
   <subfield code="a">Polímeros</subfield>
   <subfield code="x">PVC.</subfield>
  </datafield>
  <datafield tag="650" ind1=" " ind2="4">
   <subfield code="a">Polymers</subfield>
   <subfield code="x">Thesis.</subfield>
  </datafield>
  <datafield tag="650" ind1=" " ind2="4">
   <subfield code="a">Polymers</subfield>
   <subfield code="x">PVC.</subfield>
  </datafield>
  <datafield tag="040" ind1=" " ind2=" ">
   <subfield code="a">AR-BbSID</subfield>
   <subfield code="b">spa</subfield>
   <subfield code="c">AR-BbSID</subfield>
  </datafield>
  <datafield tag="859" ind1=" " ind2=" ">
   <subfield code="a">AR-BbSID</subfield>
   <subfield code="b">BIB. PLAPIQUI</subfield>
   <subfield code="h">668.423 6</subfield>
   <subfield code="i">C 321</subfield>
   <subfield code="p">5574</subfield>
  </datafield>
 </record>
</collection>
